000 00949nam a2200253Ia 4500
003 OSt
005 20220930094902.0
006 a|||||r|||| 00| 0
007 ta
008 220926b |||||||| |||| 00| 0 hin d
024 _a32482
037 _cTheses
040 _aCRL
_cCRL
_bhin
041 _2hin
_ahin
100 _aपंड्या, मिहिर, ले.
110 _aदिल्ली विश्वविद्यालय. कला संकाय. हिन्दी
_9556581
245 0 _aहिन्दी सिनेमा में शहर
_b 1988 से अब तक
246 _aHindī sinemā mean shahara: 1988 se ab taka
260 _c2014
300 _a297पृ.
_ap.
_ccm.
700 _aदिल्ली विश्वविद्यालय. कला संकाय. हिन्दी
_9556582
942 _cDIS
_2CC
999 _c887861
_d887861